The timetables of technology : A chronology of the most important people and events in the history of technology

n the heels of its highly successful predecessor The Timetables of Science, this expansive reference on technology takes readers from the invention of the wheel to the latest breakthroughs in technology.

Đã lưu trong:
書目詳細資料
主要作者: Bunch, Bryan
格式: 圖書
語言:Undetermined
出版: New York Simon & Schuster 1993
主題:
標簽: 添加標簽
沒有標簽, 成為第一個標記此記錄!
Thư viện lưu trữ: Trung tâm Học liệu Trường Đại học Cần Thơ
LEADER 00902nam a2200217Ia 4500
001 CTU_223539
008 210402s9999 xx 000 0 und d
082 |a 609 
082 |b B942 
100 |a Bunch, Bryan 
245 4 |a The timetables of technology : 
245 2 |b A chronology of the most important people and events in the history of technology 
245 0 |c Bryan Bunch, Alexander Hellemans 
260 |a New York 
260 |b Simon & Schuster 
260 |c 1993 
520 |a n the heels of its highly successful predecessor The Timetables of Science, this expansive reference on technology takes readers from the invention of the wheel to the latest breakthroughs in technology. 
650 |a Technology,Công nghệ 
650 |x History,Chronology,Tables,Lịch sử,Niên đại,Bản mục lục 
904 |i Trúc 
980 |a Trung tâm Học liệu Trường Đại học Cần Thơ